| 000 | 00514cam a2200205 4500 | ||
|---|---|---|---|
| 001 | B164 | ||
| 008 | 090401t1972 xxu||||| |||| 00| 0 eng d | ||
| 035 | _a(Sirsi) u33925 | ||
| 041 | _aeng | ||
| 050 | _a658.990973 | ||
| 100 | _aVolpe, S.Peter | ||
| 245 | _aConstruction management practice | ||
| 260 |
_aNew York _bWiley-Interscience _c1972 |
||
| 300 | _ax,181p. : ill. ; 23cm. | ||
| 350 | _a4.15 | ||
| 650 | _aBUILDING INDUSTRY | ||
| 650 | _aUNITED STATES OF AMERICA | ||
| 942 | _n0 | ||
| 948 | _c04/03/1997 | ||
| 999 |
_c89877 _d89877 |
||